[Event "GER-ch Net blitz qual4"]
[Site "Playchess.com INT"]
[Date "2021.05.10"]
[Round "7"]
[White "Boetticher, Tim"]
[Black "Powalla, Christian"]
[Result "0-1"]
[WhiteElo "1479"]
[BlackElo "1645"]
[PlyCount "54"]
[EventDate "2021.05.10"]
[EventType "swiss (blitz)"]
[EventRounds "11"]
[EventCountry "GER"]
[SourceTitle "CBM 202 Extra"]
[Source "ChessBase"]
[SourceDate "2021.07.31"]
[SourceVersion "1"]
[SourceVersionDate "2021.07.31"]
[SourceQuality "1"]

1. d4 Nf6 2. Nc3 e6 3. e4 c5 4. d5 exd5 5. exd5 d6 6. Nf3 g6 7. Bg5 Bg7 8. Bb5+ Nbd7 9. Ne4 Qa5+ 10. Nc3 0-0 11. 0-0 a6 12. Bd3 b5 13. Ne4 Nxe4 14. Bxe4 Bb7 15. Be7 Rfe8 16. Bxd6 Rxe4 17. Ng5 Rd4 18. Qf3 Bxd5 19. Qh3 Nf6 20. Be5 h6 21. Bxd4 cxd4 22. Nf3 Nh5 23. Qd7 Rd8 24. Qh3 Qc7 25. Rfd1 Qf4 26. Rxd4 Bxd4 27. Nxd4 Qxd4 0-1

[Event "GER-ch Net blitz qual4"]
[Site "Playchess.com INT"]
[Date "2021.05.10"]
[Round "3"]
[White "Werner, Rene"]
[Black "Boetticher, Tim"]
[Result "1-0"]
[WhiteElo "1708"]
[BlackElo "1479"]
[PlyCount "73"]
[EventDate "2021.05.10"]
[EventType "swiss (blitz)"]
[EventRounds "11"]
[EventCountry "GER"]
[SourceTitle "CBM 202 Extra"]
[Source "ChessBase"]
[SourceDate "2021.07.31"]
[SourceVersion "1"]
[SourceVersionDate "2021.07.31"]
[SourceQuality "1"]

1. c4 c5 2. g3 Nc6 3. Bg2 g6 4. Nc3 Bg7 5. Nf3 d6 6. 0-0 Nf6 7. d3 Bd7 8. Bd2 0-0 9. a3 a6 10. Rb1 Rb8 11. b4 cxb4 12. axb4 b5 13. cxb5 axb5 14. Ng5 Nd4 15. e3 Nc6 16. d4 h6 17. Nge4 Nxe4 18. Nxe4 h5 19. h4 Bg4 20. Qb3 Qd7 21. Ng5 Bf6 22. Ne4 Bg7 23. Rbc1 Be6 24. Qb2 Bc4 25. Rfe1 Qg4 26. Nxd6 exd6 27. Bxc6 d5 28. e4 Qf3 29. Re3 Qg4 30. Bc3 dxe4 31. Rxe4 Qf3 32. Re6 Qg4 33. Rd6 Rbc8 34. d5 Bxc3 35. Qxc3 Qe4 36. Re1 Qf5 37. Bd7 1-0

[Event "Frankfurt-ch"]
[Site "Frankfurt"]
[Date "2011.05.23"]
[Round "4"]
[White "Goebel, Andreas"]
[Black "Boetticher, Tim"]
[Result "1/2-1/2"]
[WhiteElo "2032"]
[BlackElo "2056"]
[PlyCount "62"]
[EventDate "2011.05.02"]
[EventType "swiss"]
[EventRounds "7"]
[EventCountry "GER"]
[SourceTitle "EXT 2012"]
[Source "ChessBase"]
[SourceDate "2011.11.24"]
[SourceVersion "1"]
[SourceVersionDate "2011.11.24"]
[SourceQuality "1"]

1. c4 e5 2. Nc3 Nc6 3. g3 d6 4. Bg2 Be6 5. d3 Qd7 6. Bd2 g6 7. h4 h6 8. Nf3 Bg7 9. Rb1 Nge7 10. b4 0-0 11. b5 Nd8 12. Qc1 Kh7 13. Nd5 f5 14. Nxe7 Qxe7 15. 0-0 Bd7 16. a4 c6 17. Be3 Ne6 18. Bd2 e4 19. Nh2 Nc5 20. Qc2 exd3 21. exd3 Qe2 22. Rfe1 Qxd3 23. Qxd3 Nxd3 24. Re7 Ne5 25. f4 Rf7 26. Rxf7 Nxf7 27. bxc6 Bd4+ 28. Kf1 Bxc6 29. Bxc6 bxc6 30. Rb7 Kg8 31. Nf3 Bc5 1/2-1/2

[Event "Kiel op 22nd"]
[Site "Kiel"]
[Date "2009.08.04"]
[Round "6"]
[White "Ghadimi, Mohammed Reza"]
[Black "Boetticher, Tim"]
[Result "1-0"]
[WhiteElo "2115"]
[BlackElo "1665"]
[PlyCount "69"]
[EventDate "2009.08.01"]
[EventType "swiss"]
[EventRounds "7"]
[EventCountry "GER"]
[SourceTitle "EXT 2010"]
[Source "ChessBase"]
[SourceDate "2010.11.25"]
[SourceVersion "1"]
[SourceVersionDate "2010.11.25"]
[SourceQuality "1"]

1. e4 e5 2. Nf3 Nc6 3. c3 Nf6 4. d4 d6 5. dxe5 dxe5 6. Qc2 Be7 7. Bb5 Bd7 8. 0-0 0-0 9. Re1 Nb8 10. Bc4 Bd6 11. Bg5 Bg4 12. Nbd2 Nbd7 13. h3 Bh5 14. g4 Bg6 15. Nf1 Nc5 16. Ng3 Ne6 17. Bxe6 fxe6 18. Kg2 Qe8 19. Qe2 Nd7 20. Rad1 Be7 21. Bc1 Bc5 22. b4 Bb6 23. c4 c6 24. c5 Bc7 25. h4 h6 26. h5 Bh7 27. g5 hxg5 28. Nxg5 b6 29. Rh1 bxc5 30. h6 g6 31. Qc4 Rf6 32. bxc5 Qe7 33. Be3 Rb8 34. a4 Kh8 35. Qa6 1-0

[Event "Kiel op 22nd"]
[Site "Kiel"]
[Date "2009.08.01"]
[Round "1"]
[White "Boetticher, Tim"]
[Black "Ramme, Christoph"]
[Result "0-1"]
[WhiteElo "1665"]
[BlackElo "2048"]
[PlyCount "48"]
[EventDate "2009.08.01"]
[EventType "swiss"]
[EventRounds "7"]
[EventCountry "GER"]
[SourceTitle "EXT 2010"]
[Source "ChessBase"]
[SourceDate "2010.11.25"]
[SourceVersion "1"]
[SourceVersionDate "2010.11.25"]
[SourceQuality "1"]

1. e4 c5 2. Nf3 d6 3. d4 cxd4 4. Nxd4 Nf6 5. Nc3 g6 6. Be3 Bg7 7. f3 Nc6 8. Qd2 0-0 9. Bc4 Bd7 10. 0-0-0 Rb8 11. Bb3 Na5 12. Kb1 b5 13. g4 Nc4 14. Bxc4 bxc4 15. Nde2 Rb7 16. g5 Nh5 17. Bd4 Be6 18. Bxg7 Nxg7 19. Qd4 Qa5 20. Nd5 Rfb8 21. Nec3 Rxb2+ 22. Ka1 Bxd5 23. exd5 Nf5 24. Qd2 R8b6 0-1

[Event "Kiel op-B 19th"]
[Site "Kiel"]
[Date "2006.07.28"]
[Round "9"]
[White "Hoeger, Bastian"]
[Black "Boetticher, Tim"]
[Result "1-0"]
[WhiteElo "1376"]
[BlackElo "1252"]
[PlyCount "79"]
[EventDate "2006.07.22"]
[EventType "swiss"]
[EventRounds "9"]
[EventCountry "GER"]
[SourceTitle "CBM 113 Extra"]
[Source "ChessBase"]
[SourceDate "2006.09.14"]
[SourceVersion "1"]
[SourceVersionDate "2006.09.14"]
[SourceQuality "1"]

1. c4 Nf6 2. d3 g6 3. g3 Bg7 4. Bg2 d5 5. cxd5 Nxd5 6. Nf3 Be6 7. 0-0 0-0 8. Qc2 Qd7 9. Nc3 Nb4 10. Qd2 N8c6 11. a3 Nd5 12. Rb1 Rfd8 13. Nxd5 Bxd5 14. b4 Nd4 15. Nxd4 Bxg2 16. Kxg2 Bxd4 17. Bb2 Bg7 18. Bxg7 Kxg7 19. Rbc1 Qd4 20. Kg1 Rd7 21. Rc3 a5 22. Qb2 Qe5 23. Rb3 Qxb2 24. Rxb2 axb4 25. Rxb4 c6 26. a4 b5 27. axb5 cxb5 28. Rxb5 Ra2 29. Re1 Kf6 30. f4 Rc7 31. Kf2 Rcc2 32. Kf3 h5 33. h3 Kg7 34. g4 hxg4+ 35. hxg4 f6 36. Rb4 f5 37. g5 Kf7 38. Rb5 Rd2 39. Re5 Rab2 40. Rh1 1-0